| 000 | 01694cam a22004694i 4500 | ||
|---|---|---|---|
| 003 | PE-LiUPU | ||
| 005 | 20260330171628.0 | ||
| 008 | 150623s2003 sp rb 000 0 spa d | ||
| 020 | _a8433018264 | ||
| 035 | _a(Sirsi) i9788433018267 | ||
| 040 |
_aPE-LiUPU _bspa _cPE-LiUPU _erda |
||
| 049 | _aPRUA | ||
| 082 | 0 | 4 |
_a956.94 _bB83 _221 |
| 100 | 1 |
_aBright, John, _eautor. |
|
| 245 | 1 | 3 |
_aLa Historia de Israel / _cJohn Bright. |
| 264 | 1 |
_aBilbao : _bDesclée de Brouwer, _c2003. |
|
| 300 |
_a650 páginas ; _c24 centímetros |
||
| 336 |
_atext _2rdacontent |
||
| 337 |
_aunmediated _2rdamedia |
||
| 338 |
_avolume _2rdacarrier |
||
| 504 | _aIncluye bibliografía. | ||
| 505 | 0 | _aAntecedentes y comienzos la edad de los patriarcas. - El periodo Formativo. - Israel bajo la monarquía. - La monarquía crisis y derrumbamiento. - Tragedia y tiempo posterior. - El periódo de formación del Judaísmo. | |
| 526 | _aP136 | ||
| 526 | _aP135 | ||
| 526 | _aP134 | ||
| 526 | _aP133 | ||
| 526 | _aP144 | ||
| 526 | _aP143 | ||
| 526 | _aP87 | ||
| 526 | _aP35 | ||
| 526 | _aP20 | ||
| 526 | _aP14 | ||
| 526 | _aP10 | ||
| 526 | _aP06 | ||
| 650 | 0 | 0 |
_aJudios _xHistoria _yHasta 70 d.C _92031 |
| 942 |
_2ddc _cBOOK |
||
| 949 |
_a956.94 B83 _wDEWEY _c1 _i55062 _d2016-9-25 _e2016-9-22 _lCCODEBUL1 _mBUL _n2 _r0 _sY _tBOOK _u2015-6-24 _xTEOLOGIA _zUNKNOWN _0COMPRA _o.STAFF. Colección General |
||
| 994 |
_aC0 _bPEPRU |
||
| 596 | _a1 | ||
| 999 |
_a956.94 B83 _wDEWEY _c35640 _i55062 _d35640 _e2019-10-16 _f2021-11-11 _g5 _lCCODEBUL1 _mBUL _n6 _p16.00 _q4 _r0 _sY _tBOOK _u2015-6-24 _xTEOLOGIA _zUNKNOWN _0COMPRA _o.STAFF. Colección Teología |
||
| 980 |
_818226 _gJaime Vilcazán Jefe de Análisis Documental |
||